|
ห้องสมุด วิทยาลัยพยาบาลบรมราชชนนี อุดรธานี
Boromarajonani College of Nursing, Udonthani
|


|
mysqli: Table './ulib2015/stat_globaluid' is marked as crashed and last (automatic?) repair failed
select id from stat_globaluid where statuid='20260418014000_1541'
mysqli: Table './ulib2015/stat_globaluid' is marked as crashed and last (automatic?) repair failed
DELETE FROM stat_globaluid
WHERE id NOT IN (
SELECT id
FROM (
SELECT id
FROM stat_globaluid
ORDER BY id DESC
LIMIT 100
) foo
);
mysqli: Table './ulib2015/stat_globaluid' is marked as crashed and last (automatic?) repair failed
insert into stat_globaluid set
statuid='20260418014000_1541',
dt='1776451200',
phpself='/ULIB/dublinfull.php',
agent='Mozilla/5.0 AppleWebKit/537.36 (KHTML, like Gecko; compatible; ClaudeBot/1.0; +claudebot@anthropic.com)',
yea='2026',
mon='4',
dat='18',
ip='216.73.216.55'
| LEADER 00674nam 2200229 a 4500 |
| 001 12187 |
| 003 ULIBM |
| 008 050811s2533 th m a001 0 tha d |
| 020 ^a974-86198-4-2
|
| 050 4 ^aQH430^bว794พ 2533
|
| 245 10 ^aพันธุศาสตร์/^cวิสุทธิ์ ใบไม้
|
| 250 ^aพิมพ์ครั้งที่ 2.
|
| 260 ^aกรุงเทพฯ:^bเจ้าพระยาระบบการพิมพ์,^c2533
|
| 300 ^a 538 หน้า.
|
| 650 7 ^aโครโมโซม
|
| 700 0 ^aพันธุศาสตร์
|
| 945 ^p0^l0^i3889
|
| 945 ^p0^l0^i5511 |
| 999 ^aลิขิตลักษณ์
|
| คุณยังไม่ได้ล็อกอิน คุณสามารถมีกิจกรรมร่วมกับเว็บไซต์ได้ แต่ต้องล็อกอินก่อน :: |
|
| ลำดับที่ |
ประเภท |
เลขเรียก/บาร์โค้ด |
สถานที่ |
สถานะ |
| 1. |
 หนังสือการพยาบาล | QH430 ว794พ 2533 Barcode: 3889 | หนังสือทั่วไป | On Shelf |
| 2. |
 หนังสือการพยาบาล | QH430 ว794พ 2533 ฉ.2 Barcode: 5511 | หนังสือทั่วไป | On Shelf |
| [แสดง 2/2 รายการ] |
mysqli: Can't create/write to file '/var/tmp/#sql_59d_0.MAI' (Errcode: 2)
select * from index_db where titl like '%พันธุศาสตร์/ วิสุทธิ์ ใบไม้%' and mid<>'12187' order by rand() limit 3
mysqli: Can't create/write to file '/var/tmp/#sql_59d_0.MAI' (Errcode: 2)
select * from index_db where subj like '%โครโมโซม%' and mid<>'12187' order by rand() limit 3
|
ยังไม่เคยถูกคอมเมนท์
|
| คอมเมนท์ทรัพยากรรายการนี้ |
|